Statistics for YouTube Stats

Click here to take the quiz!

General Stats

  • This quiz has been taken 31 times
    (22 since last reset)
  • The average score is 4 of 5

Answer Stats

DescriptionAnswer% Correct
Most subscribed YouTube channelT-Series
94%
Most viewed YouTube videoDespacito
83%
Most liked YouTube videoDespacito
67%
Most viewed YouTube channelT-Series
67%
Most disliked YouTube videoYoutube Rewind 2018
67%

Score Distribution

Percentile by Number Answered

Percent of People with Each Score

Your Score History

You have not taken this quiz since the last reset